00439nam a22001577a 4500003000500000005001700005008000600022020002300028040001400051041000600065082001700071100002400088245011100112260003800223300002000261322820250227093259.0 eng  a9781788241045qpbk aRDAc3228 2E aJ 590.7 DICT aAlligators Products aExtreme Animals Dictionary bAn A to Z of the world's most incredible speciescAlligator ProductshEnglish aEnglandbAlligator Productsc2018 a64 pagesc24 cm